[Event "Barcelona Electrica de Baleares"]
[Site "Barcelona"]
[Date "2018.11.17"]
[Round "8"]
[White "Gonzalez Saguillo, Oriol"]
[Black "Garcia Playa, David"]
[Result "1/2-1/2"]
[WhiteElo "2098"]
[BlackElo "2053"]
[PlyCount "73"]
[EventDate "2018.09.22"]
[EventType "tourn"]
[EventRounds "9"]
[EventCountry "ESP"]
[SourceTitle "CBM 187 Extra"]
[Source "ChessBase"]
[SourceDate "2018.11.04"]
[SourceVersion "1"]
[SourceVersionDate "2018.11.04"]
[SourceQuality "1"]

1. e4 c6 2. d4 d5 3. e5 Bf5 4. Nf3 e6 5. Be2 Nd7 6. Be3 h6 7. 0-0 Bh7 8. b3 Ne7 9. Nh4 g5 10. Nf3 Nf5 11. c4 Bg7 12. Nc3 f6 13. exf6 Bxf6 14. Ne1 0-0 15. Bd3 Nb6 16. c5 Nd7 17. g4 Nxe3 18. Bxh7+ Kxh7 19. fxe3 e5 20. Nc2 Qe8 21. Qd3+ e4 22. Qd2 Qe6 23. Rf5 Bd8 24. Raf1 Bc7 25. Ne2 Rf6 26. Ng3 Bxg3 27. hxg3 Raf8 28. Qf2 Kg6 29. Qh2 Rxf5 30. Qh5+ Kg7 31. gxf5 Rxf5 32. Rxf5 Qxf5 33. Qe8 Qg4 34. Qe7+ Kg6 35. Qe8+ Kg7 36. Qe7+ Kg6 37. Qe8+ 1/2-1/2

[Event "Barcelona Espiga de les Corts-A 1st"]
[Site "Barcelona"]
[Date "2018.05.19"]
[Round "6.5"]
[White "Garcia Playa, David"]
[Black "Pozanco Romasanta, Marc"]
[Result "0-1"]
[WhiteElo "2070"]
[BlackElo "2073"]
[PlyCount "94"]
[EventDate "2018.04.14"]
[EventType "swiss"]
[EventRounds "9"]
[EventCountry "ESP"]
[SourceTitle "EXT 2024"]
[Source "ChessBase"]
[SourceDate "2023.10.10"]
[SourceVersion "1"]
[SourceVersionDate "2023.10.10"]
[SourceQuality "1"]

1. e4 c6 2. d4 d5 3. Nc3 dxe4 4. Nxe4 Nf6 5. Nxf6+ gxf6 6. Bc4 e6 7. Nf3 Bd6 8. 0-0 b6 9. Re1 Bb7 10. Nh4 Kd7 11. Qh5 Qg8 12. Bh6 Kc7 13. a4 Nd7 14. a5 Rd8 15. axb6+ axb6 16. Ba6 Ra8 17. Bxb7 Rxa1 18. Rxa1 Kxb7 19. Qe2 Qb8 20. Nf3 Rg8 21. Bd2 Kc7 22. c4 Qb7 23. b4 Ra8 24. Rc1 c5 25. dxc5 bxc5 26. b5 Ra4 27. Qd3 f5 28. Rd1 Qb6 29. Bf4 Bxf4 30. Qxd7+ Kb8 31. Qe8+ Kb7 32. Qxf7+ Bc7 33. Ne5 Qd6 34. Qd7 Qxd7 35. Nxd7 Rxc4 36. Nf8 e5 37. Nxh7 Kb6 38. Nf8 Kxb5 39. Ne6 Bb6 40. Ng7 f4 41. f3 Rd4 42. Rb1+ Rb4 43. Re1 c4+ 44. Kh1 Bd4 45. h4 c3 46. h5 c2 47. h6 Rb1 0-1

[Event "Valles Occident-ch U18"]
[Site "Barcelona"]
[Date "2014.03.01"]
[Round "4.1"]
[White "Garcia Playa, David"]
[Black "Garcia Acosta, Roger"]
[Result "1/2-1/2"]
[WhiteElo "2168"]
[BlackElo "2184"]
[PlyCount "47"]
[EventDate "2014.02.08"]
[EventType "swiss"]
[EventRounds "5"]
[EventCountry "ESP"]
[SourceTitle "EXT 2024"]
[Source "ChessBase"]
[SourceDate "2023.10.10"]
[SourceVersion "1"]
[SourceVersionDate "2023.10.10"]
[SourceQuality "1"]

1. e4 e5 2. Nf3 Nc6 3. d4 exd4 4. Nxd4 Nf6 5. Nc3 Bb4 6. Nxc6 bxc6 7. Bd3 0-0 8. 0-0 d5 9. exd5 cxd5 10. Bg5 c6 11. Qf3 Bd6 12. Rae1 Rb8 13. b3 h6 14. Bxf6 Qxf6 15. Qxf6 gxf6 16. Ne2 c5 17. Ng3 Be5 18. f4 Bd4+ 19. Kh1 Be6 20. Ne2 Be3 21. Ng3 Bd4 22. Ne2 Be3 23. Ng3 Bd4 24. Ne2 1/2-1/2

[Event "Cerdanyola MC 3rd"]
[Site "Cerdanyola del Valles"]
[Date "2013.11.09"]
[Round "6"]
[White "Garcia Playa, David"]
[Black "Valencia Jimenez, Jose"]
[Result "1-0"]
[WhiteElo "2023"]
[BlackElo "2124"]
[PlyCount "120"]
[EventDate "2013.10.05"]
[EventType "tourn"]
[EventRounds "9"]
[EventCountry "ESP"]
[SourceTitle "EXT 2015"]
[Source "ChessBase"]
[SourceDate "2014.11.20"]
[SourceVersion "1"]
[SourceVersionDate "2014.11.20"]
[SourceQuality "1"]

1. e4 g6 2. Nf3 Bg7 3. d4 c6 4. Nc3 d5 5. h3 dxe4 6. Nxe4 Nd7 7. Bc4 Ngf6 8. Nxf6+ Nxf6 9. 0-0 0-0 10. Re1 b6 11. Qe2 e6 12. Bg5 Qc7 13. Qe5 Nd5 14. Qxc7 Nxc7 15. Rad1 Nd5 16. Bb3 Bb7 17. c4 Nf6 18. Ne5 Rfe8 19. Ba4 Rac8 20. Rd3 h6 21. Bxf6 Bxf6 22. c5 Red8 23. b4 Bxe5 24. Rxe5 Ba6 25. Rd2 Bc4 26. Bb3 Bxb3 27. axb3 b5 28. f4 Ra8 29. Re1 a5 30. bxa5 Rxa5 31. Kf2 Ra3 32. Rb1 f6 33. Ke3 Kf7 34. Re2 g5 35. g3 gxf4+ 36. gxf4 Rd5 37. Kd3 Rh5 38. Re3 Rh4 39. Kc3 Ra8 40. Rbe1 Re8 41. f5 e5 42. dxe5 fxe5 43. Rxe5 Rxh3+ 44. Kb4 Ra8 45. Re6 Rh4+ 46. R1e4 Rxe4+ 47. Rxe4 Ra6 48. Re6 h5 49. Rh6 h4 50. Rxh4 Kf6 51. Rh5 Kg7 52. Rg5+ Kf6 53. Rg8 Kxf5 54. Rb8 Ra7 55. Rb6 Rc7 56. Ka5 Ke6 57. Rb8 Rd7 58. Kb6 Kd5 59. Rh8 Kd4 60. Kxc6 Rd5 1-0

[Event "ESP-chT U16"]
[Site "Benidorm"]
[Date "2012.12.09"]
[Round "6"]
[White "Garcia Playa, David"]
[Black "Pino Fernandez, David"]
[Result "1/2-1/2"]
[WhiteElo "1969"]
[BlackElo "1804"]
[PlyCount "67"]
[EventDate "2012.12.06"]
[EventType "team-swiss"]
[EventRounds "6"]
[EventCountry "ESP"]
[SourceTitle "EXT 2022"]
[Source "ChessBase"]
[SourceDate "2021.10.06"]
[SourceVersion "1"]
[SourceVersionDate "2021.10.06"]
[SourceQuality "1"]
[WhiteTeam "Cerdanyola Valles"]
[BlackTeam "Manises Eva"]
[WhiteTeamCountry "ESP"]
[BlackTeamCountry "ESP"]

1. e4 e5 2. Nf3 Nc6 3. Bc4 Nf6 4. d3 Bc5 5. 0-0 0-0 6. c3 d5 7. exd5 Nxd5 8. Re1 Bg4 9. h3 Bxf3 10. Qxf3 Nde7 11. b4 Nxb4 12. Ba3 Nc2 13. Bxc5 Nxe1 14. Qe2 Nxd3 15. Qxd3 Qxd3 16. Bxd3 Rfd8 17. Bc2 Nd5 18. Kf1 b6 19. Be3 Nxe3+ 20. fxe3 Rd6 21. Ke2 Rad8 22. a4 a5 23. Ra2 Kf8 24. Bb3 Rg6 25. Kf1 Rgd6 26. Ke1 Rg6 27. Re2 Ke7 28. Bc2 Rc6 29. Rd2 Rxd2 30. Kxd2 g6 31. Na3 f5 32. Nb5 Kf6 33. Bb3 Rc5 34. Kd3 1/2-1/2

[Event "ESP-chT U16"]
[Site "Benidorm"]
[Date "2012.12.08"]
[Round "5"]
[White "Bayon Rolo, Juan Andres"]
[Black "Garcia Playa, David"]
[Result "0-1"]
[WhiteElo "1637"]
[BlackElo "1969"]
[PlyCount "78"]
[EventDate "2012.12.06"]
[EventType "team-swiss"]
[EventRounds "6"]
[EventCountry "ESP"]
[SourceTitle "EXT 2022"]
[Source "ChessBase"]
[SourceDate "2021.10.06"]
[SourceVersion "1"]
[SourceVersionDate "2021.10.06"]
[SourceQuality "1"]
[WhiteTeam "Sanxenxo Fontecarmoa"]
[BlackTeam "Cerdanyola Valles"]
[WhiteTeamCountry "ESP"]
[BlackTeamCountry "ESP"]

1. e4 c6 2. d4 d5 3. exd5 cxd5 4. Bd3 Nc6 5. c3 Nf6 6. Ne2 Bg4 7. f3 Bh5 8. Bf4 e6 9. 0-0 Bg6 10. Re1 Be7 11. Qc2 0-0 12. Bxg6 hxg6 13. Nd2 b5 14. b4 Nd7 15. Nc1 a5 16. bxa5 Nxa5 17. Nd3 Qb6 18. Reb1 Ba3 19. Kh1 Rfc8 20. Nb4 Nc6 21. Qd3 Bxb4 22. cxb4 Qxd4 23. Qxd4 Nxd4 24. Rb2 e5 25. Bg3 f6 26. Nf1 Rc2 27. Rbb1 Raxa2 28. Rxa2 Rxa2 29. Ne3 Nb6 30. f4 e4 31. Be1 Nc2 32. Nxc2 Rxc2 33. Kg1 Nc4 34. Rb3 d4 35. g4 Kf7 36. f5 gxf5 37. gxf5 Rc1 38. Kf2 d3 39. Rc3 e3+ 0-1